header

Franklin's passage (Record no. 115060)

MARC details
000 -LEADER
fixed length control field 01173nam a2200313Ia 4500
082 04 - DEWEY DECIMAL CLASSIFICATION NUMBER
Classification number C811/.54
100 1# - MAIN ENTRY--AUTHOR NAME
Personal name Solway, David.
245 10 - TITLE STATEMENT
Title Franklin's passage
260 ## - PUBLICATION, DISTRIBUTION, ETC. (IMPRINT)
Place of publication Montreal :
Name of publisher McGill-Queen's University Press,
Year of publication c2003.
300 ## - PHYSICAL DESCRIPTION
Number of Pages 75 p.
490 1# - SERIES STATEMENT
Series statement Hugh MacLennan poetry series ;
650 #0 - SUBJECT ADDED ENTRY--TOPICAL TERM
Topical Term Self (Philosophy)
856 40 - ELECTRONIC LOCATION AND ACCESS
Uniform Resource Identifier http://site.ebrary.com/lib/rucke/Doc?id=10196798

No items available.

© 2026 Rongo University
Contact us: librarian | system librarian | Rongo university